000 00676nam a22001937a 4500
003 OSt
005 20250730013501.0
008 250730b |||||||| |||| 00| 0 eng d
020 _a9711181045
040 _aDWCL-Main lib
_cOC
082 _aFil. 371.4 Sa31c 1991
100 _aSalazar-Clemeña, Rose Marie
245 _aCounseling psychology in the Philippines :
_bresearch and practice/
_cRose Marie Salazar-Clemeña
260 _aManila :
_bDe La Salle University Press,
_cc1991.
300 _axi, 189 pages :
_billustrations ;
_c 23 cm.
650 _a1. Counseling psychology.
650 _a2. Counseling psychology--Philippines.
942 _2ddc
_cBK - FIL
_kFil.
_n0
999 _c3877
_d3877